Ensayos Médico-Forenses y Criminalístico (Registro nro. 560)
[ vista simple ]
| 000 -Cabecera | |
|---|---|
| Campo de control de longitud fija | 00669aam a2200253 4500 |
| 005 - Fecha y hora de la última transacción | |
| Campo de control | 20250616140525.0 |
| 008 - Elementos de longitud fija--Información general | |
| Campo de control de longitud fija | 150810b1989 xxu||||| |||| 00| 0 spa d |
| 020 ## - International Standard Book Number | |
| Número Internacional Estándar del Libro (ISBN) | 9684522452 |
| 041 ## - Idioma | |
| Código de idioma | Español |
| 082 ## - Clasificación Decimal Dewey | |
| Número de clasificación | 614.1 M843e |
| 100 ## - Entrada principal--Autor personal | |
| Nombre personal | Moreno González, Rafael |
| 9 (RLIN) | 14911 |
| 245 ## - Título propiamente dicho | |
| Título | Ensayos Médico-Forenses y Criminalístico |
| 260 ## - Pie de imprenta | |
| Lugar de publicación, distribución, etc. | México |
| 260 ## - Pie de imprenta | |
| Nombre del editor, distribuidor, etc. | Editorial Porrúa |
| 260 ## - Pie de imprenta | |
| Fecha de publicación, distribución, etc. | 1989 |
| 300 ## - Descripción física | |
| Extensión | 194 páginas |
| 490 ## - Serie | |
| Título de la Serie | Investigación Criminal |
| 650 ## - Materia general | |
| Temática (materia general) | MEDICINA LEGAL |
| 650 ## - Materia general | |
| Temática (materia general) | INVESTIGACIÓN CRIMINALÍSTICA |
| 650 ## - Materia general | |
| Temática (materia general) | FARMACOLOGÍA |
| 650 ## - Materia general | |
| Temática (materia general) | FARMACODEPENDENCIA |
| 650 ## - Materia general | |
| Temática (materia general) | ACCIDENTOLOGÍA VIAL |
| 942 ## - Punto de acceso adicional KOHA | |
| Tipo de ítem KOHA | Libro |
| Fuente del sistema de clasificación o colocación | Dewey Decimal Classification |
| Signatura completa | Código de barras | Programa Académico | Tipo de ítem |
|---|---|---|---|
| 614.1 M843e | 528 | Investigación Criminal | Libro |
| 614.1 M843e | 12092 | Investigación Criminal | Libro |